000 00331nam a2200145Ia 4500
008 191201s2011 xx 000 0 und d
082 _a004.21
_bRAC
100 _aRAO,P.N
245 0 _aComputer Aided Manufacturing
250 _aRep
260 _aN. Delhi
_bTMH
_c2011
300 _a417
650 _aM.Tech (ME)
942 _2ddc
_cBK
999 _c5233
_d5233